Zvýšený komfort zúčtovania na Burze cenných papierov v Bratislave

Od 23.9.1994 on-line prepojenie BCP so Strediskom cenných papierov SR využitím nového komunikačného systému cez Podnik výpočtovej techniky, ktorý je správcom počítačovej siete.

Saved in:
Bibliographic Details
Main Author: Palko, F.
Format: Book Chapter
Language:Slovak
Subjects:
Tags: Add Tag
No Tags, Be the first to tag this record!

MARC

LEADER 00000naa a2200000 4500
001 r015879
005 20221213114819.3
041 0 |a slo 
044 |a SK 
245 1 0 |a Zvýšený komfort zúčtovania na Burze cenných papierov v Bratislave  |c F. Palko 
520 |a Od 23.9.1994 on-line prepojenie BCP so Strediskom cenných papierov SR využitím nového komunikačného systému cez Podnik výpočtovej techniky, ktorý je správcom počítačovej siete. 
610 2 0 |a BCP Bratislava 
610 2 0 |a SCP SR Bratislava 
610 2 0 |a systémy informačné 
610 2 0 |a informácie 
610 2 0 |a obchody burzové 
610 2 0 |a burzy 
610 2 0 |a Slovensko 
610 2 0 |a PVT, š.p. Bratislava 
610 2 0 |a systém on-line 
610 2 0 |a siete počítačové 
100 1 |a Palko, F.